Rozsypanka literowa - imiona w Polsce - Statystyki

Ogólne statystyki
  • Ten quiz został rozwiązany 4 886 razy
  • Średni wynik to 13 z 20
Statystyki odpowiedzi
Imię % Poprawnych
Filip
92%
Sara
91%
Pola
88%
Żaneta
84%
Karol
79%
Mikołaj
75%
Patryk
75%
Jagoda
73%
Alicja
70%
Urszula
69%
Oliwia
67%
Natalia
66%
Marcel
63%
Norbert
56%
Sebastian
55%
Ryszard
54%
Oliwier
50%
Nikodem
49%
Bolesław
46%
Arkadiusz
28%
Nie znaleziono quizów pasujących do podanych kryteriów
Rozkład punktacji
Procent ludzi z każdym wynikiem
Percentyl według liczby udzielonych odpowiedzi
Twoja historia wyników
Nie rozwiązałeś tego quizu